Southville International School and Colleges
Your cart is empty.
  • Cart
  • Lists
    Public lists Eva Luna New books Lux_list list_1
    Your lists Log in to create your own lists
  • Log in to your account
  • Your cookies
  • Search history
Southville International School and Colleges
  • Advanced search
  • Recent comments
  • Most popular
  • Libraries

Log in to your account

Log in with GOOGLE


If you do not have an external account, but do have a local account, you can still log in:

  1. Home
  2. MARC view: Tadpole trouble! /
Normal view MARC view ISBD view

Tadpole trouble! / (Record no. 111865)

[ view plain ]
MARC details
000 -LEADER
fixed length control field 00583nam a2200205 a 4500
001 - CONTROL NUMBER
control field 0291
005 - DATE AND TIME OF LATEST TRANSACTION
control field 20140414131923.0
008 - FIXED-LENGTH DATA ELEMENTS--GENERAL INFORMATION
fixed length control field 040909s19uu xx 00 eng d
020 ## - INTERNATIONAL STANDARD BOOK NUMBER
International Standard Book Number 1-74045-002-7
050 ## - LIBRARY OF CONGRESS CALL NUMBER
Classification number ER
Item number T12 2000
100 ## - MAIN ENTRY--PERSONAL NAME
Personal name Bacon, Frances
245 ## - TITLE STATEMENT
Title Tadpole trouble! /
Statement of responsibility, etc Frances Bacon ; illustrated by Jennifer Cooper.
260 ## - PUBLICATION, DISTRIBUTION, ETC. (IMPRINT)
Place of publication, distribution, etc Australia :
Name of publisher, distributor, etc Murdoch Books,
Date of publication, distribution, etc 2000.
300 ## - PHYSICAL DESCRIPTION
Extent 24 p. : ill. ; cm.
440 ## - SERIES STATEMENT/ADDED ENTRY--TITLE
Title Cocky's circle title books
650 ## - SUBJECT ADDED ENTRY--TOPICAL TERM
Topical term or geographic name as entry element Tadpoles
General subdivision juvenile fiction.
650 ## - SUBJECT ADDED ENTRY--TOPICAL TERM
Topical term or geographic name as entry element Children stories.
Holdings
Withdrawn status Lost status Damaged status Use restrictions Home library Current library Shelving location Date acquired Source of acquisition Total Checkouts Full call number Barcode Date last seen Price effective from Koha item type
        Munich Library Munich Library Easy Reading Section 09/09/2004     ER T12 2000 M2781 04/14/2014 04/14/2014 Books
        Munich Library Munich Library Easy Reading Section 09/09/2004     ER T12 2000 M3152 04/14/2014 04/14/2014 Books

Tadpole trouble! /

APA

Bacon F., . (2000). Tadpole trouble!. Australia: Murdoch Books.

Chicago

Bacon Frances, . 2000. Tadpole trouble!. Australia: Murdoch Books.

Harvard

Bacon F., . (2000). Tadpole trouble!. Australia: Murdoch Books.

MLA

Bacon Frances, . Tadpole trouble!. Australia: Murdoch Books. 2000.

  • Place hold
  • Print
  • Cite
  • Add to your cart (remove)
  • Save record
    BIBTEX Dublin Core MARCXML MARC (non-Unicode/MARC-8) MARC (Unicode/UTF-8) MARC (Unicode/UTF-8, Standard) MODS (XML) RIS
  • More searches
    Search for this title in:
    Other Libraries (WorldCat) Other Databases (Google Scholar) Online Stores (Bookfinder.com) Open Library (openlibrary.org)

Exporting to Dublin Core...

SOUTHVILLE LIBRARY

Southville International School and Colleges Library

1281 Tropical Ave. Cor. Luxembourg St., BF Homes International, Las Pinas City

Tel. No. 8256374 / 252358 Loc. 117/146

Powered by Koha